MARC details
| 000 -CABECERA |
| campo de control de longitud fija |
00997nam a2200253 a 4500 |
| 005 - FECHA Y HORA DE LA ÚLTIMA TRANSACCIÓN |
| campo de control |
20260402064203.0 |
| 008 - ELEMENTOS DE LONGITUD FIJA--INFORMACIÓN GENERAL |
| campo de control de longitud fija |
030514s2002 mx r 000 0 spa d |
| 020 ## - NÚMERO INTERNACIONAL NORMALIZADO PARA LIBROS |
| Número Internacional Estándar del Libro |
9706137076 |
| 035 ## - NÚMERO DE CONTROL DEL SISTEMA |
| Número de control de sistema |
UPN01000124255 |
| 049 ## - COLECCIÓN |
| Colección |
CG |
| 050 #4 - SIGNATURA TOPOGRÁFICA DE LA BIBLIOTECA DEL CONGRESO |
| Número de clasificación |
HD30.255 |
| Número de documento/Ítem |
F7.2 |
| 100 1# - ASIENTO PRINCIPAL--NOMBRE PERSONAL |
| Nombre de persona |
Freeman, R. Edward |
| 245 13 - MENCIÓN DE TÍTULO |
| Título |
El ambientalismo y la nueva lógica de los negocios : |
| Resto del título |
la rentabilidad de las empresas y la necesidad de mantener un planeta habitable para nuestros hijos / |
| Mención de responsabilidad, etc. |
R. Edward Freeman, Jessica Pierce, Richard H. Dodd ; tr. Guadalupez Meza Staines. |
| 260 ## - PUBLICACIÓN, DISTRIBUCIÓN, ETC. |
| Lugar de publicación, distribución, etc. |
México : |
| Nombre del editor, distribuidor, etc. |
Oxford University, |
| Fecha de publicación, distribución, etc. |
c2002. |
| 300 ## - DESCRIPCIÓN FÍSICA |
| Extensión |
xi, 152 p. |
| 534 ## - NOTA SOBRE LA VERSIÓN ORIGINAL |
| Frase introductoria |
Título original: |
| Mención de título del original |
Environmentalism and the new logic of business |
| 650 #4 - ASIENTO SECUNDARIO DE MATERIA - TERMINO TEMATICO |
| Término de materia o nombre geográfico como elemento de entrada |
ADMINISTRACION INDUSTRIAL - |
| Subdivisión general |
ASPECTOS AMBIENTALES |
| 9 (RLIN) |
5618 |
| 650 #4 - ASIENTO SECUNDARIO DE MATERIA - TERMINO TEMATICO |
| Término de materia o nombre geográfico como elemento de entrada |
Ambientalismo |
| 9 (RLIN) |
4390 |
| 650 #4 - ASIENTO SECUNDARIO DE MATERIA - TERMINO TEMATICO |
| Término de materia o nombre geográfico como elemento de entrada |
DERECHO AMBIENTAL |
| 9 (RLIN) |
13267 |
| 650 #7 - ASIENTO SECUNDARIO DE MATERIA - TERMINO TEMATICO |
| Término de materia o nombre geográfico como elemento de entrada |
Política ambiental |
| Fuente del encabezamiento o término |
|
| 9 (RLIN) |
1340 |
| 700 1# - ASIENTO SECUNDARIO--NOMBRE DE PERSONAL |
| Nombre de persona |
Pierce, Jessica, |
| Término indicativo de función/relación |
coaut. |
| 700 1# - ASIENTO SECUNDARIO--NOMBRE DE PERSONAL |
| Nombre de persona |
Dodd, Richard H., |
| Término indicativo de función/relación |
coaut. |
| 905 ## - TIPO DE MATERIAL |
| Tipo de material |
Libro |